<?xml version="1.0" encoding="UTF-8"?>
<record
    xmlns:xsi="http://www.w3.org/2001/XMLSchema-instance"
    xsi:schemaLocation="http://www.loc.gov/MARC21/slim http://www.loc.gov/standards/marcxml/schema/MARC21slim.xsd"
    xmlns="http://www.loc.gov/MARC21/slim">

  <leader>01157nam0a22002771  4500</leader>
  <controlfield tag="001">v19\rc\1827238</controlfield>
  <controlfield tag="005">20260406113833.0</controlfield>
  <datafield tag="035" ind1=" " ind2=" ">
    <subfield code="a">(NLR Aleph) 005255085</subfield>
  </datafield>
  <datafield tag="090" ind1=" " ind2=" ">
    <subfield code="a">5843439</subfield>
    <subfield code="c">5843439</subfield>
  </datafield>
  <datafield tag="100" ind1=" " ind2=" ">
    <subfield code="a">20071224d1908    |||y0rusy50      ca</subfield>
  </datafield>
  <datafield tag="101" ind1="0" ind2=" ">
    <subfield code="a">rus</subfield>
  </datafield>
  <datafield tag="102" ind1=" " ind2=" ">
    <subfield code="a">RU</subfield>
  </datafield>
  <datafield tag="105" ind1=" " ind2=" ">
    <subfield code="a">y   z   |||a|</subfield>
  </datafield>
  <datafield tag="200" ind1="1" ind2=" ">
    <subfield code="a">&#x421;&#x43B;&#x435;&#x437;&#x44B; &#x446;&#x430;&#x440;&#x438;&#x446;&#x44B;</subfield>
    <subfield code="e">(&#x412;&#x43E;&#x441;&#x442;. &#x43F;&#x440;&#x435;&#x434;&#x430;&#x43D;&#x438;&#x435;)</subfield>
    <subfield code="e">&#x41F;&#x43E;&#x44D;&#x43C;&#x430; &#x432; &#x441;&#x442;&#x438;&#x445;&#x430;&#x445;</subfield>
    <subfield code="e">&#x421;&#x44E;&#x436;&#x435;&#x442; &#x437;&#x430;&#x438;&#x43C;&#x441;&#x442;&#x432;&#x43E;&#x432;&#x430;&#x43D; &#x443; &#x41C;&#x430;&#x43C;&#x438;&#x43D;&#x430;-&#x421;&#x438;&#x431;&#x438;&#x440;&#x44F;&#x43A;&#x430;</subfield>
    <subfield code="f">&#x420;.&#x41C;. &#x410;&#x43C;&#x438;&#x440;&#x43E;&#x432;</subfield>
  </datafield>
  <datafield tag="210" ind1=" " ind2=" ">
    <subfield code="a">&#x411;&#x430;&#x43A;&#x443;</subfield>
    <subfield code="c">&#x442;&#x438;&#x43F;. "&#x422;&#x440;&#x443;&#x434;" (&#x411;&#x435;&#x440;&#x43B;&#x430;&#x434;&#x438;&#x440;&#x430;)</subfield>
    <subfield code="d">1908</subfield>
  </datafield>
  <datafield tag="215" ind1=" " ind2=" ">
    <subfield code="a">174 &#x441;.</subfield>
    <subfield code="d">21</subfield>
  </datafield>
  <datafield tag="700" ind1=" " ind2="1">
    <subfield code="a">&#x410;&#x43C;&#x438;&#x440;&#x43E;&#x432;</subfield>
    <subfield code="b">&#x420;.&#x41C;.</subfield>
    <subfield code="f">19 &#x432;.-</subfield>
  </datafield>
  <datafield tag="702" ind1=" " ind2="1">
    <subfield code="4">100</subfield>
    <subfield code="8">rus</subfield>
    <subfield code="7">ca</subfield>
    <subfield code="a">&#x41C;&#x430;&#x43C;&#x438;&#x43D;-&#x421;&#x438;&#x431;&#x438;&#x440;&#x44F;&#x43A;</subfield>
    <subfield code="b">&#x414;. &#x41D;.</subfield>
    <subfield code="f">1852-1912</subfield>
    <subfield code="g">&#x414;&#x43C;&#x438;&#x442;&#x440;&#x438;&#x439; &#x41D;&#x430;&#x440;&#x43A;&#x438;&#x441;&#x43E;&#x432;&#x438;&#x447;</subfield>
    <subfield code="3">RU\NLR\AUTH\77149</subfield>
    <subfield code="9">110226</subfield>
  </datafield>
  <datafield tag="801" ind1=" " ind2="2">
    <subfield code="a">RU</subfield>
    <subfield code="b">NLR</subfield>
    <subfield code="c">20091017</subfield>
    <subfield code="2">rusmarc</subfield>
  </datafield>
  <datafield tag="801" ind1=" " ind2="0">
    <subfield code="a">RU</subfield>
    <subfield code="b">NLR</subfield>
    <subfield code="c">20071224</subfield>
    <subfield code="g">psbo</subfield>
  </datafield>
  <datafield tag="801" ind1=" " ind2="0">
    <subfield code="a">RU</subfield>
    <subfield code="b">RuMoRGB</subfield>
    <subfield code="c">20071224</subfield>
    <subfield code="2">psbo</subfield>
  </datafield>
  <datafield tag="801" ind1=" " ind2="1">
    <subfield code="a">RU</subfield>
    <subfield code="b">ProSoft-M</subfield>
    <subfield code="c">20071224</subfield>
    <subfield code="2">rusmarc</subfield>
  </datafield>
  <datafield tag="830" ind1=" " ind2=" ">
    <subfield code="a">&#x418;&#x441;&#x442;&#x43E;&#x447;&#x43D;&#x438;&#x43A;: &#x410;.&#x41A;. &#x422;&#x430;&#x440;&#x430;&#x441;&#x435;&#x43D;&#x43A;&#x43E;&#x432;. &#x420;&#x443;&#x441;&#x441;&#x43A;&#x438;&#x435; &#x43F;&#x43E;&#x44D;&#x442;&#x44B; XX &#x432;&#x435;&#x43A;&#x430;. 1900-1955: &#x411;&#x438;&#x431;&#x43B;&#x438;&#x43E;&#x433;&#x440;&#x430;&#x444;&#x438;&#x44F;. &#x41C;., 1966, &#x441;. 15</subfield>
  </datafield>
  <datafield tag="852" ind1=" " ind2=" ">
    <subfield code="a">NLR</subfield>
    <subfield code="j">Desideratum</subfield>
  </datafield>
  <datafield tag="942" ind1=" " ind2=" ">
    <subfield code="c">BOOK</subfield>
  </datafield>
  <datafield tag="980" ind1=" " ind2=" ">
    <subfield code="a">NB</subfield>
  </datafield>
  <datafield tag="995" ind1=" " ind2=" ">
    <subfield code="5">2013-10-26</subfield>
    <subfield code="b">NLR01</subfield>
    <subfield code="c">NLR01</subfield>
    <subfield code="e">RF02</subfield>
    <subfield code="f">5255085-10</subfield>
    <subfield code="k">Desideratum</subfield>
    <subfield code="o">0</subfield>
    <subfield code="r">BOOK</subfield>
    <subfield code="s">DESIDERATUM_</subfield>
  </datafield>
</record>
